000 00837nam a2200229 i 4500
001 58360
003 ES-MaACL
005 20251010184918.0
007 t|
008 031022s1981 sp ||||1| spa d
020 _a84-85941-004
100 1 _aDurand, J.N.L.
_946251
245 1 0 _aCompendio de lecciones de arquitectura
_b: parte gráfica de los cursos de arquitectura /
_cJ.N.L. Durand ; prólogo de Rafael Moneo ; [traducido por Manuel Blanco Lage, Alfonso Magaz Robin, Javier Girón Sierra].
260 _aMadrid :
_bPronaos,
_c[1981]
300 _aXIII, 253 p. :
_bil. ;
_c20 cm.
700 1 _aMoneo, Rafael,
_d1937-
_982165
700 1 _aBlanco Lage, Manuel.
_929268
700 1 _aMagaz Robin, Alfonso.
_975457
700 1 _aGirón Sierra, Javier.
_957276
852 _aES-MaACL
_jL-9439
_bR.110918
999 _c58360
_d58360